00394nam a2200121Ia 4500008004100000020001600041082001900057100002300076245004600099260007100145300000900216500004700225250519s9999 xx 000 0 und d a99915540009 a910.0215495MAN aHassan Ahmed manik 0aChanges in the topography of the maldives a"Novelty Press, Male', Republic of Maldives"bNovelty Pressc1990 a91p. A"Topography of the Maldives, Bibliography"